湖北人口最多的20个县级行政区 20 most populous county-level regions in Hubei - Statistics

General Stats
  • This quiz has been taken 64 times
  • The average score is 16 of 20
Answer Stats
人口 地市 县区 % Correct
116 省直辖 天门市
98%
113 省直辖 仙桃市
98%
89 省直辖 潜江市
98%
110 武汉市 武昌区
92%
250 武汉市 洪山区
90%
128 武汉市 江夏区
88%
115 武汉市 黄陂区
84%
97 武汉市 江岸区
82%
95 襄阳市 樊城区
82%
112 荆州市 监利市
78%
89 武汉市 蔡甸区
78%
89 黄冈市 麻城市
76%
89 襄阳市 襄州区
74%
86 武汉市 新洲区
74%
87 黄石市 大冶市
72%
87 荆门市 钟祥市
72%
99 孝感市 孝南区
70%
90 孝感市 汉川市
68%
89 襄阳市 枣阳市
64%
90 黄石市 阳新县
62%
No matching quizzes found
Score Distribution
Percent of People with Each Score
Percentile by Number Answered
Your Score History
You have not taken this quiz